000 00638nam a2200181Ia 4500
003 GCL
008 140319s9999 xx 000 0 ara d
040 _aGCL /
_cGCL
082 0 4 _a953.0711
_bم ت
100 1 _aمحمد احمد ابوالفضل
245 1 0 _aتاريخ مدينة المرية الاندلسية فى العصر الاسلامى: دراسة فى التاريخ السياسى والحضارى /
_cمحمد احمد ابوالفضل
300 _a244 ص
490 _aكتاب
_v0
650 0 4 _aالمرية
650 0 4 _aالعرب فى الاندلس
650 0 4 _aالمدن الاندلسية
942 _2ddc
_cBK
999 _c41341
_d41341